Masquarade politics : explorations in the structure of urban cultural movements

Αποθηκεύτηκε σε:
Λεπτομέρειες βιβλιογραφικής εγγραφής
Κύριος συγγραφέας: Cohen, Abner
Μορφή: Βιβλίο
Γλώσσα:English
Δημοσίευση: Oxford : Berg, 1993
Θέματα:
Ετικέτες: Προσθήκη ετικέτας
Δεν υπάρχουν, Καταχωρήστε ετικέτα πρώτοι!

MARC

LEADER 00000nam a2200000 i 4500
001 1/94376
008 940824s1993 eng d
020 |a 0-520-07838-1 
035 |l 10009201 
040 |a GR-MY-UA  |b gre  |e aacr 
041 0 |a eng 
082 0 |a 394.25 
100 1 |a Cohen, Abner. 
245 1 0 |a Masquarade politics :  |b explorations in the structure of urban cultural movements /  |c Abner Cohen 
260 |a Oxford :   |b Berg,   |c 1993 
300 |a 166 p. 
500 |a Bibliography: p.156-161. Includes index 
650 0 0 |a Carnival  |z England  |z London  |x Political aspects. 
650 0 0 |a West Indians  |z England  |z London. 
650 0 0 |a Festivals  |x Political aspects. 
651 0 |a Notting Hill (London, England) 
852 |a INST  |b LESVOS  |e 19940824  |h 394.25 COH  |p 005100003562  |q 005100003562  |t BK  |y 0 
909 |a Λ  |b 035621